00915cam a2200241 a 450000100100000000500170001000800410002702000150006803500190008303500250010204000300012708200200015710000300017724500850020724600500029226001510034230000210049349000160051450400330053060000420056365100510060583000170065600000694420200929154028.0990616s1998 ve b 000 0dspa  a9806197534 a(DLC) 99216965 a(BoCbEI)ei 981000516 aDO-SdBNPcDLCdDLCdBNPHU a923.2866bG216C1 aCastillo, Ocarina,d1951-10aGabriel García Moreno o el orden de la piedad intolerante /cOcarina Castillo.14aGabriel Garcia Moreno o la piedad intolerante aCaracas :bFundación Centro de Estudios Latinoamericanos Rómulo Gallegos :bFACES/UCV :bFacultad de Ciencias Económicas y Sociales,cc1998. a153 p. ;c22 cm.1 aLa alborada aBibliografía: (p 133-136).10aGARCÍA MORENO, GABRIEL,d1821-1875. 4aEcuadorxHistoriay1830-1895xHistoriografía 0aLa alborada.